Principles of Financial Accounting (Record no. 11741)

MARC details
000 -LEADER
fixed length control field 00674nam a22002297i 4500
003 - CONTROL NUMBER IDENTIFIER
control field URS
005 - DATE AND TIME OF LATEST TRANSACTION
control field 20220117094723.0
008 - FIXED-LENGTH DATA ELEMENTS--GENERAL INFORMATION
fixed length control field 200128b ||||| |||| 00| 0 eng d
020 ## - INTERNATIONAL STANDARD BOOK NUMBER
International Standard Book Number 9780077289515
040 ## - CATALOGING SOURCE
Original cataloging agency DLC
Language of cataloging eng
Description conventions rda
Transcribing agency DMLUC
Modifying agency URSR
100 1# - MAIN ENTRY--PERSONAL NAME
Personal name Wild, John J.
245 ## - TITLE STATEMENT
Title Principles of Financial Accounting
Statement of responsibility, etc. Wild, John J.
250 ## - EDITION STATEMENT
Edition statement Nineteenth edition
264 #1 - PRODUCTION, PUBLICATION, DISTRIBUTION, MANUFACTURE, AND COPYRIGHT NOTICE
Place of production, publication, distribution, manufacture New York
Name of producer, publisher, distributor, manufacturer McGraw- Hill Irwin
Date of production, publication, distribution, manufacture, or copyright notice 2009.
336 ## - CONTENT TYPE
Content type term text
Content type code txt
Source rdacontent
337 ## - MEDIA TYPE
Media type term unmediated
Media type code n
Source rdamedia
338 ## - CARRIER TYPE
Carrier type term volume
Carrier type code nc
Source rdacarrier
300 ## - PHYSICAL DESCRIPTION
Extent 751
Other physical details Illustrations
Dimensions 27.5cm
500 ## - GENERAL NOTE
General note Includes Appendix
650 ## - SUBJECT ADDED ENTRY--TOPICAL TERM
Source of heading or term Accounting
942 ## - ADDED ENTRY ELEMENTS (KOHA)
Source of classification or shelving scheme Library of Congress Classification
Koha item type Foreign Books
Edition Nineteenth edition
Holdings
Withdrawn status Source of classification or shelving scheme Damaged status Not for loan Home library Current library Shelving location Date acquired Source of acquisition Total Checkouts Full call number Barcode Date last seen Copy number Price effective from Koha item type
  Library of Congress Classification     Rodriguez College Library Rodriguez College Library Reference 01/28/2020 Donation   HF5635 W 71 2009 URSROD-3854 01/28/2020 C1 01/28/2020 Foreign Books
  Library of Congress Classification     Rodriguez College Library Rodriguez College Library Reference 01/28/2020 Donation   HF5635 W 71 2009 URSROD-3856 01/28/2020 C3 01/28/2020 Foreign Books
  Library of Congress Classification     Rodriguez College Library Rodriguez College Library Reference 01/28/2020 Donation   HF5635 W 71 2009 URSROD-3859 01/28/2020 C4 01/28/2020 Foreign Books
  Library of Congress Classification     Rodriguez College Library Rodriguez College Library Reference 01/28/2020 Donation   HF5635 W 71 2009 URSROD-3860 01/28/2020 C5 01/28/2020 Foreign Books
  Library of Congress Classification     Rodriguez College Library Rodriguez College Library Reference 01/28/2020 Donation   HF5635 W 71 2009 URSROD-3855 01/28/2020   01/28/2020 Foreign Books

University of Rizal System
Email us at univlibservices@urs.edu.ph

Visit our Website www.urs.edu.ph/library